L'Égypte de 1828 à 1830; correspondance des consuls de France en Égypte /

محفوظ في:

المؤلف الرئيسي: Douin, Georges (ed.)

مؤلف مشترك: France. Consulat. Alexandria.

التنسيق: كتاب

اللغة: French

منشور في: Roma : Stampato nell' Istituto polografico dello stato per la Reale società di geografia d'Egitto, 1935.

سلاسل: Société royale de géographie d'Égypte. Publications spéciales

الموضوعات:

الوسوم: إضافة وسم

لا توجد وسوم, كن أول من يضع وسما على هذه التسجيلة!

رقم الطلب: DT103 .D62 1935

LEADER 01461cam a22003491 4500
001 6895995
003 OSt
005 20221003120636.0
008 750325s1935 it 000 0 fre
952 |0 0  |1 0  |2 lcc  |4 0  |6 DT0103 D62 01935  |7 1  |9 43060  |a ARCE  |b ARCE  |d 2022-10-03  |l 0  |o DT103 .D62 1935  |p 1001961  |r 2022-10-03 00:00:00  |w 2022-10-03  |y BK 
999 |c 49615  |d 49615 
010 |a  36019644  
035 |a (OCoLC)1236380 
040 |c ARCE Library 
042 |a premarc 
043 |a f-ua---  |a e-fr--- 
050 4 |a DT103 .D62 1935 
100 1 |a Douin, Georges,  |e ed. 
245 1 2 |a L'Égypte de 1828 à 1830;  |b correspondance des consuls de France en Égypte /   |c recueillie et publiée par Georges Douin. 
260 |a Roma :   |b Stampato nell' Istituto polografico dello stato per la Reale società di geografia d'Egitto,   |c 1935. 
300 |a xi, 523 p. ;   |c 27 cm. 
490 1 |a Société royale de géographie d'Égypte. Publications spéciales 
500 |a Consists chiefly of the official correspondence of Drovetti and Mimaut, consuls at Alexandria. 
651 0 |a Egypt  |x History  |y 19th century  |x Sources. 
651 0 |a France  |x Foreign relations  |z Egypt. 
651 0 |a Egypt  |x Foreign relations  |z France. 
651 0 |a Egypt  |x Commerce. 
710 1 |a France.  |b Consulat.  |b Alexandria. 
810 2 |a Jamʻīyah al-Jughrāfīyah al-Miṣrīyah.  |t Publications spéciales. 
901 |a reviewed 
942 |2 lcc  |c BK 
955 |a xx  |u rf21 2019-07-29 245 indicator 2, 043